000 00416nam a22001697a 4500
003 MPLRDC
005 20220104144234.0
008 210129b ||||| |||| 00| 0 eng d
082 _a857.62 CCCL-11 v.5
100 _a赤川次郎
245 _a血与玫瑰
_c
260 _a
_b新企业图书出版社
_c
300 _b
490 _a推理新系列
650 _a推理小说
942 _cBK
_o857.62 CCCL-11 v.5
999 _c47720
_d47710